| 000 | 00476nam a2200205Ia 4500 | ||
|---|---|---|---|
| 003 | 0100 | ||
| 008 | 130303s9999 xx 000 0 und d | ||
| 040 | _cARRUPELIB | ||
| 050 | _aBX2163.G751992 | ||
| 100 | _aGribble, Richard | ||
| 245 | 4 | _aThe history and devotion of the rosary | |
| 260 | _aHuntington | ||
| 260 | _bOur Sunday Visitor | ||
| 260 | _C1992 | ||
| 300 | _a196p. | ||
| 300 | _b 21cm. | ||
| 650 | _bSkepticism | ||
| 700 | _aRichard Gribble | ||
| 942 | 0 | 0 | _01 |
| 999 |
_c9011 _d9011 |
||